| 000 | 00653nam a2200181 a 4500 | ||
|---|---|---|---|
| 001 | 000038471 | ||
| 005 | 20240305073655.0 | ||
| 008 | 130412s1979 dr a r 000 0 spa d | ||
| 040 |
_aDO-SdBNP _bspa _cBNPHU |
||
| 082 |
_axxxx _bxxxx |
||
| 100 | 1 |
_aRodríguez Demorizi, Emilio, _d1908-1986 _91039 |
|
| 245 | 1 | 0 |
_aMapas y planos de Santo Domingo / _cEmilio Rodríguez Demorizi ; estudio preliminar y adiciones Pedro J. Santiago. |
| 260 |
_aSanto Domingo : _bTaller, _c1979. |
||
| 300 |
_a371 p. : _bils., mapas. |
||
| 490 | 1 |
_aFundación Rodríguez Demorizi _v13 |
|
| 700 | 1 |
_aSantiago, Pedro J. _945327 |
|
| 830 | 0 |
_aFundación Rodríguez Demorizi _n13 _964818 |
|
| 999 |
_c37961 _d37961 |
||